000 00504nam a2200169 i 4500
001 108467
003 ES-MaACL
005 20230906184640.0
007 t|
008 061121s1914 sp r ||||1| spa d
100 1 _aMontero y de Torres, Enrique de.
_982542
245 1 4 _aLos modernos barcos submarinos al alcance de todos /
_cEnrique de Montero y de Torres.
260 _aMadrid :
_b[R. Alvarez,
_c1914]
300 _a441 p., VI láms.
650 4 _aSubmarinos.
_9155749
852 _aES-MaACL
_jF-2451
999 _c108467
_d108467